| 000 | 00411nam a2200157 4500 | ||
|---|---|---|---|
| 001 | 122489 | ||
| 003 | ES-MaACL | ||
| 005 | 20230906192003.0 | ||
| 007 | t| | ||
| 008 | 070214s1964 sp r ||||1| spa d | ||
| 100 | 1 |
_aPuente, Luis. _994151 |
|
| 245 | 1 | 1 |
_a¡Emigrantes! / _cLuis Puente. |
| 260 |
_aOviedo : _b`La Nueva España`, _c1964. |
||
| 300 |
_a100 p. ; _c22 cm. |
||
| 852 |
_aES-MaACL _jC-26181 _bR.54663 |
||
| 999 |
_c122489 _d122489 |
||